Statistiken für Top 10 Länder in der Papierproduktion

Klicken Sie hier um das Quiz zu spielen!

Allgemein

  • Dieses Quiz wurde 82 mal gespielt
  • Das Durchschnittsergebnis liegt bei 8 aus 10

Antwortstatistiken

Produktion (1,000 ton)TeilLand% Korrekt
75,08318.8%Vereinigte Staaten
97%
99,30024.9%China
95%
22,6985.7%Deutschland
92%
12,1123.0%Kanada
88%
10,1592.5%Brasilien
83%
26,6276.7%Japan
74%
11,3292.8%Finnland
64%
10,0352.5%Indonesien
63%
11,2982.8%Schweden
63%
11,4922.9%Südkorea
53%

Verteilung der Resultate

Perzentil nach korrekt beantworteten Fragen

Anzahl Personen mit jedem Resultat

Ihre Resultats-Entwicklung

Sie haben dieses Quiz noch nicht gespielt